Canadian Provinces/Territories that border the U.S.A. - Statistics

General Stats
  • This quiz has been taken 25 times
  • The average score is 7 of 8
Answer Stats
Answer % Correct
Alberta
100%
British Columbia
100%
Quebec
100%
Ontario
96%
Manitoba
92%
Saskatchewan
88%
New Brunswick
75%
Yukon Territories
67%
No matching quizzes found
Score Distribution
Percent of People with Each Score
Percentile by Number Answered
Your Score History
You have not taken this quiz